• AIU
  • Tony Wilmot Memorial Library

Piööc de lëk thɛɛr : (Record no. 64590)

MARC details
000 -LEADER
fixed length control field 00337nam a2200109 4500
082 0# - DEWEY DECIMAL CLASSIFICATION NUMBER
Classification number 221.6
242 00 - TRANSLATION OF TITLE BY CATALOGING AGENCY
Title Lessons from the Old Testament in the words of the Bible, in Dinka, Bor dialect
245 11 - TITLE STATEMENT
Title Piööc de lëk thɛɛr :
Remainder of title Në wël cï ke kuɛ̈ny bei në bainolic
260 ## - PUBLICATION, DISTRIBUTION, ETC. (IMPRINT)
Name of publisher, distributor, etc S.P.C.K
Date of publication, distribution, etc c.1996
300 ## - PHYSICAL DESCRIPTION
Extent 214 p.
942 ## - ADDED ENTRY ELEMENTS (KOHA)
Source of classification or shelving scheme
Koha item type Books

No items available.